The legal environment of business

Bibliographic Details
Main Author: Blackburn, John D
Other Authors: Klayman, Elliot I
Format: Book
Published: Illinois : Irwin , 1985
Edition:2nd. ed
Subjects:

MARC

LEADER 00000cam a2200000 7i4500
001 0000000131
005 20050701.0
020 |a 0256032076 
040 |a INS 
090 0 0 |a KF889   |b B6281 1985 
100 1 |a Blackburn, John D 
245 1 4 |a The legal environment of business   |c D. Blackburn, Elliot I Klayman, Martin H. Malin 
250 |a 2nd. ed 
260 |a Illinois :   |b Irwin ,   |c 1985 
300 |a xvip :   |b 754p ;   |c 24cm. 
500 |a Include index 
650 0 0 |a Business Law 
700 1 |a Klayman, Elliot I 
999 |a 0000003315   |b BOOK   |c Open Shelf   |e Default branch